000 01372cam a22002891i 4500
003 SA-RiAUC
005 20250714061024.0
008 250711s1972 sy g 00000 ara c
040 _aSA-RiKAPL
_bara
_cSA-RiAUC
_erda
082 0 4 _a240
_qSA-RiAUC
090 4 _a240
_bب ا ج
100 1 _aالباجوري، إبراهيم بن محمد بن أحمد،
_d1198-1277 هجري
_eمؤلف.
245 1 0 _aشرح جوهرة التوحيد /
_cتأليف إبراهيم بن محمد الباجوري ؛ تحقيق محمد أديب الكيلاني، عبد الكريم تتان ؛ مراجعة عبد الكريم الرفاعي.
264 1 _aدمشق :
_bإبراهيم بن محمد الباجوري،
_c1972.
300 _a516 صفحة ؛
_c24 سم
336 _aنص
_btxt
_2rdacontent
_3كتاب
337 _aبدون وسيط
_bn
_2rdamedia
338 _aمجلد
_bnc
_2rdacarrier
650 7 _aعلم الكلام
_2aucsh
700 1 _aالكيلاني، محمد أديب،
_d1937-1982
_eمحقق.
700 1 _aتتان، عبد الكريم،
_d1941-
_eمحقق.
700 1 _aالرفاعي، عبد الكريم،
_d1901-1973
_eمراجع.
700 1 2 _aاللقاني، إبراهيم بن إبراهيم بن حسن،
_dتوفي 1041 هجري
740 0 2 _aجوهرة التوحيد.
942 _2ddc
_cBOOK
_n0
949 _aSA-JeALM
_d250711
_umohamedma123
_n1
999 _c9916
_d9916